|
|
|
|
| LEADER |
00000nam0a2200000 4500 |
| 001 |
118812 |
| 005 |
20231031124325.0 |
| 010 |
|
|
|a 9785279022045
|
| 035 |
|
|
|a (RuTPU)RU\TPU\book\128559
|
| 035 |
|
|
|a RU\TPU\book\108499
|
| 090 |
|
|
|a 118812
|
| 100 |
|
|
|a 20070619d2007 m y0rusy50 ca
|
| 101 |
0 |
|
|a rus
|
| 102 |
|
|
|a RU
|
| 105 |
|
|
|a y j 000zy
|
| 200 |
1 |
|
|a Язык СИ++
|e учебное пособие для вузов
|f В. В. Подбельский
|
| 205 |
|
|
|a 5-е изд.
|
| 210 |
|
|
|a Москва
|c Финансы и статистика
|d 2007
|
| 215 |
|
|
|a 560 с.
|
| 330 |
|
|
|a Подробно рассмотрены синтаксис, семантика и техника программирования объектно-ориентированного языка Си++. Приведено большое количество программ, иллюстрирующих возможности и особенности языка Си++. В отличие от работ, в которых язык Си++ вводится как расширение своего предшественника языка Си, в данной книге он рассматривается как самостоятельный язык программирования. Для изучения материала достаточно, если читатель владеет основами информатики и навыками программирования на любом алгоритмическом языке в объеме стандартного курса по программированию для среднего учебного заведения (4-е издание — 1999 г.). Для студентов, преподавателей, лицеистов, школьников, а также для специалистов, желающих самостоятельно изучить язык Си++.
|
| 333 |
|
|
|a Исключено из фонда НТБ ТПУ
|
| 451 |
|
1 |
|0 (RuTPU)RU\TPU\book\139849
|y 978-5-279-02204-5
|t Язык СИ++
|o учебное пособие для вузов
|f В. В. Подбельский
|e 5-е изд.
|c М.
|n Финансы и статистика
|d 2008
|p 560 с.
|a Подбельский, Вадим Валериевич
|
| 451 |
|
1 |
|0 (RuTPU)RU\TPU\book\108499
|y 5-279-02204-7
|t Язык СИ++
|o учебное пособие для вузов
|f В. В. Подбельский
|e 5-е изд.
|c М.
|n Финансы и статистика
|d 2005
|p 560 с.
|a Подбельский, Вадим Валериевич
|
| 675 |
|
|
|a 681.3.06:800.92(075.8)
|v 3
|
| 700 |
|
1 |
|a Подбельский
|b В. В.
|g Вадим Валериевич
|
| 801 |
|
0 |
|a RU
|b 63413507
|c 20011209
|g PSBO
|
| 801 |
|
1 |
|a RU
|b 63413507
|c 20060828
|g PSBO
|
| 801 |
|
2 |
|a RU
|b 63413507
|c 20210211
|g PSBO
|
| 942 |
|
|
|c BK
|
| 959 |
|
|
|a 70/20071010
|d 2
|e 149,34
|f АНЛ:2
|